000 00280nam a2200109Ia 4500
001 588949
005 20250717120840.0
008 250717s9999 xx 000 0 und d
245 0 _aY-9 KANUNİ SULTAN SÜLEYMAN
_cİSMAİL BİLGİN
260 _bERDEM YAYINLARI
_c2020
300 _b103
999 _c588949
_d588949